000 00626cab a2200205 4500
001 ABS44813
008 090401t1991 xxu||||| |||| 00| 0 eng d
035 _a(Sirsi) u49187
041 _aeng
100 _aThompson, M.
245 _aFocus on Bedfordshire
260 _c1991
350 _a0
490 _aEstates Gazette
_v(9127) 13 July 1991, 99-112(8)
520 _aFocus looks at the office, retail and industrial markets in Bedfordshire , dominated by Luton and Bedford .
650 _aRETAIL DEVELOPMENT
690 _aPROPERTY-COMMERCIAL PROPERTY-COMMERCIAL PROPERTY MARKET
942 _n0
948 _c04/03/1997
999 _c30791
_d30791